| 000 | 01352nam a22004337a 4500 | ||
|---|---|---|---|
| 001 | BR7803815 | ||
| 003 | BR-BrBNA | ||
| 005 | 20230928085628.0 | ||
| 007 | ta | ||
| 008 | 230509b bl.||||| |||| 00| 0 por d | ||
| 040 |
_aBR-BrBNA _bpor _cBiblioteca Nacional de Agricultura |
||
| 041 | _a(Por) | ||
| 072 |
_aF27; F00 _b0600 _b/G514 |
||
| 090 | _ 0600 BR7803815 | ||
| 100 | 1 | _aNunes, R.F. de M. | |
| 100 | 1 | _aAragao, O.P. | |
| 100 | 1 | _aMartins, C.E. | |
| 100 | 1 | _aSilva, W.S. | |
| 100 | 1 | _aCunha, A.P. da | |
| 100 | 1 | _aPassos, O.S. | |
| 100 | 1 | _aAlves, E.J. | |
| 100 | 1 | _aCoelho, Y. da S. | |
| 110 | 1 | _aCentro de Pesquisa Agropecuaria do Tropico Semi-Arido, Petrolina, PE (Brasil) | |
| 245 | 1 | _aAvaliacao do potencial produtivo de algumas especies frutiferas sob regime de irrigacao na regiao do sub medio Sao Francisco [Cultivo do solo; Producao vegetal; Cultura irrigada; Pernambuco; Bahia; Brasil] | |
| 260 | 3 |
_aPetrolina, PE (Brasil): _c1978. |
|
| 300 | _a16 p. | ||
| 500 | _a26 REF.; Summaries (Eng, Por) | ||
| 650 | _aCultivo do solo | ||
| 650 | _aProducao vegetal | ||
| 650 | _aFruta | ||
| 650 | _aFruticultura | ||
| 650 | _aCultura irrigada | ||
| 650 | _aRendimento | ||
| 650 | _aPernambuco | ||
| 650 | _aBahia | ||
| 650 | _aSub-Medio Sao Francisco | ||
| 909 |
_a202309 _bLucia _c55 _dLucia Elande |
||
| 942 | _cBK | ||
| 999 |
_c25461 _d25461 |
||